00633nam a2200193Ia 450000500170000000800410001704100080005808200130006610000340007924500340011326000360014730000090018350000230019265000230021570000340023894200070027299900170027995201430029620230317115336.0230125s9999 xx 000 0 und d aeng a658bEST aEstes Clarissa Pnkola9115104 aWomen who run with the wolves c2000bRiders Publication London a540p aGeneral Management aGeneral Management aEstes Clarissa Pnkola9115104 cBK c92887d92887 01104070aHIMRbHIMRd2000-12-21eSatya Gilanig344.00o658 EST DB0387pHIMR-DB-387r2023-01-25 00:00:00v344.00w2000-12-27yDBzDB0387